000 01055nam a2200313 i 4500
003 EG-GICUC
005 20260209122303.0
008 260209s1957 -us ||fr|||| 001 0 eng d
040 _aEG-GiCUC
_beng
_cEG-GiCUC
_dEG-GiCUC
_erda
041 0 _aeng
082 0 4 _221
_a341.6
_bTU . L
092 0 4 _221
099 _aLaw1 11 341.6 TU . L 1957
100 1 _aTuckerM Robert W
_eAuthor.
245 1 4 _aThe Law Of War And Neutrality At Sea.
_nVolume Xlx,
_p1955 Navpers 15031 /
_cBy Robert W. Tucker
264 1 _aWashington :
_bOvernment Printing Office,
_c1957.
300 _a448 pages,
_c24 cm
336 _2rda content
_atext
337 _2rda media
_aComputer
338 _2rda carrier
_aOnline Resource
490 _aInternational Law Studies
504 _aIncludes bibliographical references and index.
546 _aText in English
650 1 4 _aPublic international law
710 2 _aNaval War College Newport, Rhode Island
856 4 0 _uhttps://fll.law.cu.edu.eg/fulltext/bks/B11-07201.pdf
905 _a48
942 _2ddc
_cBK
_e21
_n0
999 _c61787
_d61787